Assessing environmental impacts of construction: industry consensus, BREEAM and UK Ecopoints (Record no. 100735)

MARC details
000 -LEADER
fixed length control field 00732cam a2200253 4500
008 - FIXED-LENGTH DATA ELEMENTS--GENERAL INFORMATION
fixed length control field 000000n2000 000 0 eng u
020 ## - INTERNATIONAL STANDARD BOOK NUMBER
International Standard Book Number 1860813984
035 ## - SYSTEM CONTROL NUMBER
System control number (Sirsi) u107919
050 ## - LIBRARY OF CONGRESS CALL NUMBER
Classification number 691
100 ## - MAIN ENTRY--PERSONAL NAME
Personal name Dickie, Ian
110 ## - MAIN ENTRY--CORPORATE NAME
Corporate name or jurisdiction name as entry element Building Research Establishment
245 ## - TITLE STATEMENT
Title Assessing environmental impacts of construction: industry consensus, BREEAM and UK Ecopoints
260 ## - PUBLICATION, DISTRIBUTION, ETC.
Place of publication, distribution, etc. London
Name of publisher, distributor, etc. CRC Ltd
Date of publication, distribution, etc. 2000
300 ## - PHYSICAL DESCRIPTION
Extent 12p. ; 30cm.
490 ## - SERIES STATEMENT
Series statement BRE Digest
Volume/sequential designation 446
650 ## - SUBJECT ADDED ENTRY--TOPICAL TERM
Topical term or geographic name entry element BREEAM
650 ## - SUBJECT ADDED ENTRY--TOPICAL TERM
Topical term or geographic name entry element BUILT ENVIRONMENT
650 ## - SUBJECT ADDED ENTRY--TOPICAL TERM
Topical term or geographic name entry element ENVIRONMENTAL IMPACT ASSESSMENTS
650 ## - SUBJECT ADDED ENTRY--TOPICAL TERM
Topical term or geographic name entry element SUSTAINABLE CONSTRUCTION
650 ## - SUBJECT ADDED ENTRY--TOPICAL TERM
Topical term or geographic name entry element UK ECOPOINTS
690 ## - LOCAL SUBJECT ADDED ENTRY--TOPICAL TERM (OCLC, RLIN)
Topical term or geographic name as entry element BUILT ENVIRONMENT
700 ## - ADDED ENTRY--PERSONAL NAME
Personal name Howard, Nigel
942 ## - ADDED ENTRY ELEMENTS (KOHA)
Suppress in OPAC 0
Holdings
Withdrawn status Lost status Source of classification or shelving scheme Damaged status Not for loan Home library Current library Shelving location Date acquired Total Checkouts Full call number Barcode Date last seen Copy number Price effective from Koha item type Date last checked out
    Dewey Decimal Classification     London London BRE publications 30/11/2000   ENQUIRY DESK 30062876 06/08/2019 1 06/08/2019 Reference material  
    Dewey Decimal Classification     London London BRE publications 19/02/2002 8 ENQUIRY DESK 30062594 06/08/2019 2 06/08/2019 Book 09/02/2007